header

Across five Aprils / (Record no. 265296)

MARC details
000 -LEADER
fixed length control field 01374pam a2200397 a 4500
001 - CONTROL NUMBER
control field 3452157
003 - CONTROL NUMBER IDENTIFIER
control field OSt
005 - DATE AND TIME OF LATEST TRANSACTION
control field 20251121080512.0
008 - FIXED-LENGTH DATA ELEMENTS--GENERAL INFORMATION
fixed length control field 921231s1993 nju j 000 1 eng
010 ## - LIBRARY OF CONGRESS CONTROL NUMBER
LC control number 92046736
020 ## - INTERNATIONAL STANDARD BOOK NUMBER
International Standard Book Number 0760884161
International Standard Book Number 9780760884164
035 ## - SYSTEM CONTROL NUMBER
System control number 3452157
040 ## - CATALOGING SOURCE
Original cataloging agency DLC
Transcribing agency DLC
Modifying agency DLC
042 ## - AUTHENTICATION CODE
Authentication code lcac
043 ## - GEOGRAPHIC AREA CODE
Geographic area code n-us---
050 00 - LIBRARY OF CONGRESS CALL NUMBER
Classification number PZ7.H9156
Item number Ac 1998
082 00 - DEWEY DECIMAL CLASSIFICATION NUMBER
Classification number [Fic]
Edition number 20
100 1# - MAIN ENTRY--PERSONAL NAME
Personal name Hunt, Irene.
245 10 - TITLE STATEMENT
Title Across five Aprils /
Statement of responsibility, etc Irene Hunt.
250 ## - EDITION STATEMENT
Remainder of edition statement A Teacher Resource
260 ## - PUBLICATION, DISTRIBUTION, ETC. (IMPRINT)
Place of publication, distribution, etc USA
Name of publisher, distributor, etc Sundance,
Date of publication, distribution, etc 1993.
300 ## - PHYSICAL DESCRIPTION
Extent 32p. ;
Dimensions 24 cm.
336 ## - CONTENT TYPE
Content type term text
Content type code txt
Source rdacontent
337 ## - MEDIA TYPE
Media type term unmediated
Media type code n
Source rdamedia
338 ## - CARRIER TYPE
Carrier type term volume
Carrier type code nc
Source rdacarrier
520 ## - SUMMARY, ETC.
Summary, etc Young Jethro Creighton grows from a boy to a man when he is left to take care of the family farm in Illinois during the difficult years of the Civil War.
650 #1 - SUBJECT ADDED ENTRY--TOPICAL TERM
Topical term or geographic name as entry element Farm life
General subdivision Fiction.
651 #0 - SUBJECT ADDED ENTRY--GEOGRAPHIC NAME
Geographic name United States
General subdivision History
Chronological subdivision Civil War, 1861-1865
General subdivision Juvenile fiction.
Geographic name United States
General subdivision History
Chronological subdivision Civil War, 1861-1865
General subdivision Fiction.
Geographic name Illinois
General subdivision Fiction.
906 ## - LOCAL DATA ELEMENT F, LDF (RLIN)
a 7
b cbc
c orignew
d 1
e ocip
f 19
g y-gencatlg
942 ## - ADDED ENTRY ELEMENTS (KOHA)
Source of classification or shelving scheme Library of Congress Classification
Koha item type Long Loan Books
Holdings
Withdrawn status Lost status Source of classification or shelving scheme Damaged status Not for loan Collection code Home library Current library Shelving location Date acquired Source of acquisition Total Checkouts Full call number Barcode Date last seen Price effective from Koha item type
    Library of Congress Classification     Fiction Rongo University Library Rongo University Library General Stacks 21/11/2025 Books for Africa (Donation)   PZ7.H9156 Ac 1998 20260940 21/11/2025 21/11/2025 Long Loan Books

© 2026 Rongo University
Contact us: librarian | system librarian | Rongo university